Angewandte Statistik. 2. Teil, Mehrdimensionale Probleme /

Saved in:
Bibliographic Details
Main Author Stange, Kurt, 1907-1974 (Author)
Format Book
LanguageGerman
Published Berlin : Springer-Verlag, 1971
Subjects
Physical Description505 s. : il. ; 26 cm

Cover

LEADER 00000cam a2200000 a 4500
001 1219
003 CZ-ZlUTB
005 20190825231359.0
008 950218s1971 gw |||||r|||||0|1|0|ger|d
040 |a ZLD002  |b cze  |c ZLD002  |d ZLD002 
072 7 |a 311  |x Statistika  |2 Konspekt  |9 4 
080 |a [311+519.2]-027.22  |2 MRF 
080 |a 519.237  |2 MRF 
080 |a 519.22-023.5  |2 MRF 
100 1 |a Stange, Kurt,  |d 1907-1974  |7 vse2012703364  |4 aut 
245 1 0 |a Angewandte Statistik.  |n 2. Teil,  |p Mehrdimensionale Probleme /  |c Kurt Stange 
260 |a Berlin :  |b Springer-Verlag,  |c 1971 
300 |a 505 s. :  |b il. ;  |c 26 cm 
500 |a Obsahuje věcný rejstřík. 
650 0 7 |a aplikovaná statistika  |7 ph207535  |2 czenas 
650 0 7 |a vícerozměrné statistické metody  |7 ph203151  |2 czenas 
650 0 7 |a prostorová statistika  |7 ph250784  |2 czenas 
910 |a ZLD002 
952 |0 0  |1 0  |4 0  |6 31STANGEK  |7 0  |8 BOOK  |9 1465  |a UTBZL  |b UTBZL  |c 030  |d 2006-07-29  |i 50434  |l 0  |o 31/STANGE,K.  |p 420010026266  |r 2019-08-25 00:00:00  |v 275.00  |w 2019-08-25  |x N:převedeno z FT - Langmaier; | 20100831  |y 05 
992 |a BK  |b SK 
999 |c 1219  |d 1219